Đánh giá hiệu suất xử lý nước thải Biogas của một số chế phẩm sinh học : Luận văn tốt nghiệp Cao học. Chuyên ngành Khoa học môi trường

Nghiên cứu sử dụng một số chế phẩm sinh học xử lý tổng chất rắn hòa tan, nhu cầu oxy hóa học, tổng nitơ, tổng lân, E.coli và tổng Coliform trong nước thải biogas đạt quy chuẩn xả thải đối với nước thải chăn nuôi trước khi thải ra ngoài mo...

Ausführliche Beschreibung

Gespeichert in:
Bibliographische Detailangaben
1. Verfasser: Nguyễn, Thanh Văn
Format: Buch
Sprache:Undetermined
Veröffentlicht: Cần Thơ Trường Đại học Cần Thơ 2016
Schlagworte:
Tags: Tag hinzufügen
Keine Tags, Fügen Sie den ersten Tag hinzu!
Thư viện lưu trữ: Trung tâm Học liệu Trường Đại học Cần Thơ
LEADER 01239nam a2200229Ia 4500
001 CTU_216855
008 210402s9999 xx 000 0 und d
082 |a 628.3 
082 |b V115 
088 |a 60440301 
100 |a Nguyễn, Thanh Văn 
245 0 |a Đánh giá hiệu suất xử lý nước thải Biogas của một số chế phẩm sinh học : 
245 0 |b Luận văn tốt nghiệp Cao học. Chuyên ngành Khoa học môi trường 
245 0 |c Nguyễn Thanh Văn ; Bùi Thị Nga (Người hướng dẫn) 
260 |a Cần Thơ 
260 |b Trường Đại học Cần Thơ 
260 |c 2016 
520 |a Nghiên cứu sử dụng một số chế phẩm sinh học xử lý tổng chất rắn hòa tan, nhu cầu oxy hóa học, tổng nitơ, tổng lân, E.coli và tổng Coliform trong nước thải biogas đạt quy chuẩn xả thải đối với nước thải chăn nuôi trước khi thải ra ngoài môi trường. 
650 |a Nước,Water 
650 |x Làm sạch,Purification 
904 |i Hiền,Hải 
980 |a Trung tâm Học liệu Trường Đại học Cần Thơ